Hírek a köz kórházból

Okrem iného michalovská verejná nemocnica 1.augusta 1904 dosiahla v ošetrení chorých už ročný plán.

Podrobná bibliografia
Médium: Článok
Jazyk:Hungarian
Témy:
Zdroj: 1. Felsö-Zemplén 1. Roč. 9, č. 31 (11.08.1904) s. 2
LEADER 00887nab#a2200313#ar4500
001 000076445
003 SVKKK
005 20050808xxxxxxx.
008 06 c xo huno
FMT
038 |a SVKKK 
040 |a SVKKK  |b slo  |e AACR2 
041 0 |a hun 
044 |a xo  |c SK 
080 |a 614.2 
242 1 0 |a Správy z verejnej nemocnici 
245 0 0 |a Hírek a köz kórházból 
500 |a Ex/Ro-75 
520 2 |a Okrem iného michalovská verejná nemocnica 1.augusta 1904 dosiahla v ošetrení chorých už ročný plán. 
650 0 4 |a nemocnica, Michalovce - ošetrovanie chorých - plán ročný (splnenie) - Michalovce - august 1904 - správy 
773 0 |t Felsö-Zemplén  |g Roč. 9, č. 31 (11.08.1904) s. 2 
957 |a Michalovce 
958 |a DG 
958 |a SK 
958 |a YS 
974 |a zuz  |d 20050808 
992 |a RBX 
BAS
998 |a RETRO